000 00702nam a2200253 a 4500
001 74382
003 BD-RjUL
005 20211209082538.0
008 180812s2007 ii ad||| i||| 001 0 eng d
020 _a8181892070
_c:Rs 225.00
035 _a(BD-RjUL)74600
040 _aBD-RjUL
_beng
_cBD-RjUL
041 _aeng
082 _223
_a630
_bKUA 2007
100 1 _aKumar, Anil
_9222247
245 1 0 _aAgriculcure update /
_cAnil Kumar , Jag Paul Sharma
250 _a1st ed.
260 _aIndia :
_bInternational book distributing ,
_c2007
300 _a453 p. :
_bill ;
_c22 cm
500 _aIncludes Index
650 _aAgriculture
_9222248
700 _aSharma, Jag Paul
_9222249
942 _2ddc
_cBK
999 _c74382
_d74382